[Event "Bronshoj Spring"]
[Site "Copenhagen"]
[Date "2022.03.24"]
[Round "4"]
[White "Tandrup, Michael"]
[Black "Montgomery, Jan E Frantsen"]
[Result "0-1"]
[WhiteElo "1915"]
[BlackElo "2111"]
[PlyCount "82"]
[EventDate "2022.03.24"]
[EventType "tourn"]
[EventRounds "5"]
[EventCountry "DEN"]
[SourceTitle "EXT 2024"]
[Source "ChessBase"]
[SourceDate "2023.10.10"]
[SourceVersion "1"]
[SourceVersionDate "2023.10.10"]
[SourceQuality "1"]

1. c4 c5 2. Nc3 Nc6 3. g3 Nf6 4. Bg2 g6 5. e4 d6 6. Nge2 Bg7 7. d3 0-0 8. 0-0 a6 9. a3 Rb8 10. Rb1 b5 11. cxb5 axb5 12. b4 cxb4 13. axb4 Bg4 14. h3 Bd7 15. Be3 Ne8 16. Qd2 Nc7 17. Bh6 Bxh6 18. Qxh6 Na6 19. e5 dxe5 20. Ne4 f6 21. f4 Nc7 22. Nc5 e6 23. Nxd7 Qxd7 24. Bxc6 Qxc6 25. fxe5 fxe5 26. Rbc1 Qb6+ 27. Kg2 Nd5 28. d4 exd4 29. Rxf8+ Rxf8 30. Nf4 Nxf4+ 31. gxf4 Qd6 32. Kg3 e5 33. fxe5 Qxe5+ 34. Kg2 d3 35. Qd2 Qd5+ 36. Kg1 Ra8 37. Qf4 Rf8 38. Qd2 Re8 39. Rc5 Qd4+ 40. Kf1 Re2 41. Rc8+ Kf7 0-1

[Event "Prague op 16th"]
[Site "Prague"]
[Date "2017.01.16"]
[Round "5"]
[White "Montgomery, Jan E Frantsen"]
[Black "Ananya, Rishi Gupta"]
[Result "1-0"]
[WhiteElo "2118"]
[BlackElo "1655"]
[PlyCount "87"]
[EventDate "2017.01.13"]
[EventType "swiss"]
[EventRounds "9"]
[EventCountry "CZE"]
[SourceTitle "CBM 176 Extra"]
[Source "ChessBase"]
[SourceDate "2017.03.02"]
[SourceVersion "1"]
[SourceVersionDate "2017.03.02"]
[SourceQuality "1"]

1. e4 e5 2. Nf3 Nc6 3. Bb5 a6 4. Ba4 Nf6 5. d3 b5 6. Bb3 Bc5 7. 0-0 h6 8. a4 Bb7 9. Nc3 b4 10. Ne2 0-0 11. Ng3 d6 12. c3 bxc3 13. bxc3 Bb6 14. Qe2 Re8 15. Nf5 Ne7 16. N3h4 Nxf5 17. Nxf5 Bc8 18. Ne3 Be6 19. Bxe6 Rxe6 20. Nf5 Kh7 21. Kh1 Ng8 22. f4 exf4 23. Rxf4 g6 24. Ng3 Rf6 25. a5 Ba7 26. d4 d5 27. Rxf6 Nxf6 28. e5 Ng8 29. Ba3 Qc8 30. Rf1 Qe6 31. Qf3 Kg7 32. Ne2 Rd8 33. Nf4 Qd7 34. e6 Qe8 35. exf7 Kxf7 36. Nh5+ Ke6 37. Re1+ Kd7 38. Rxe8 Kxe8 39. Ng7+ Kd7 40. Qf7+ Kc6 41. Ne6 Rc8 42. Qxg6 Kb7 43. h4 Rb8 44. Bf8 1-0

[Event "Prague op 16th"]
[Site "Prague"]
[Date "2017.01.14"]
[Round "3"]
[White "Montgomery, Jan E Frantsen"]
[Black "Nagy, Gabor"]
[Result "0-1"]
[WhiteElo "2118"]
[BlackElo "2433"]
[PlyCount "60"]
[EventDate "2017.01.13"]
[EventType "swiss"]
[EventRounds "9"]
[EventCountry "CZE"]
[SourceTitle "CBM 176 Extra"]
[Source "ChessBase"]
[SourceDate "2017.03.02"]
[SourceVersion "1"]
[SourceVersionDate "2017.03.02"]
[SourceQuality "1"]

1. e4 c5 2. Nf3 e6 3. d4 cxd4 4. Nxd4 Nf6 5. Nc3 Qb6 6. Nb3 Bb4 7. Bd3 d6 8. 0-0 Bxc3 9. bxc3 0-0 10. Be3 Qc6 11. Nd4 Qxc3 12. f4 e5 13. fxe5 Ng4 14. Nb5 Qxe5 15. Bf4 Qc5+ 16. Kh1 Ne5 17. Qe2 Bg4 18. Qe3 Nbc6 19. Nc7 Qxe3 20. Bxe3 Rad8 21. Rab1 Nxd3 22. cxd3 Be2 23. Rfe1 Bxd3 24. Rxb7 Rd7 25. Rc1 Bxe4 26. Bxa7 h5 27. a4 Ra8 28. Nxa8 Rxb7 29. Bf2 Rb2 30. Nb6 Rxf2 0-1

[Event "Goch op 27th"]
[Site "Goch"]
[Date "2016.09.03"]
[Round "5"]
[White "Montgomery, Jan E Frantsen"]
[Black "Huesmann, Thomas"]
[Result "1/2-1/2"]
[WhiteElo "2089"]
[BlackElo "2260"]
[PlyCount "99"]
[EventDate "2016.09.01"]
[EventType "swiss"]
[EventRounds "7"]
[EventCountry "GER"]
[SourceTitle "EXT 2018"]
[Source "ChessBase"]
[SourceDate "2017.10.13"]
[SourceVersion "1"]
[SourceVersionDate "2017.10.13"]
[SourceQuality "1"]

1. e4 e5 2. Nf3 Nc6 3. Bb5 a6 4. Ba4 Nf6 5. d3 d6 6. c3 Be7 7. Nbd2 0-0 8. h3 b5 9. Bc2 d5 10. 0-0 h6 11. Re1 dxe4 12. dxe4 Be6 13. Nb3 Qc8 14. Nh2 Nh7 15. Qh5 Ng5 16. h4 Nh7 17. f4 exf4 18. e5 g6 19. Qxh6 Bf5 20. Bxf5 Qxf5 21. Nf3 Rfd8 22. Qxf4 Qxf4 23. Bxf4 Nf8 24. Bg5 Ne6 25. Bxe7 Nxe7 26. Nfd4 Nxd4 27. Nxd4 c5 28. Nb3 Rd5 29. Re4 Nf5 30. Rae1 Ng7 31. c4 bxc4 32. Rxc4 Ne6 33. Kf2 Rb8 34. Kf3 Nd4+ 35. Nxd4 cxd4 36. Ke4 Rbb5 37. Kd3 Rxb2 38. e6 fxe6 39. Rxe6 Rxg2 40. Rc7 Rg3+ 41. Kd2 Rf5 42. Re8+ Rf8 43. Ree7 Rf2+ 44. Ke1 Rf6 45. Re8+ Rf8 46. Ree7 Re3+ 47. Rxe3 dxe3 48. Rc6 Kg7 49. Rxa6 Rf2 50. a4 1/2-1/2

[Event "Hillerod CC-ch A"]
[Site "Hillerod"]
[Date "2016.01.05"]
[Round "1"]
[White "Pedersen, Carsten"]
[Black "Montgomery, Jan E Frantsen"]
[Result "1-0"]
[WhiteElo "1885"]
[BlackElo "2104"]
[PlyCount "83"]
[EventDate "2016.01.05"]
[EventType "tourn"]
[EventRounds "9"]
[EventCountry "DEN"]
[SourceTitle "EXT 2024"]
[Source "ChessBase"]
[SourceDate "2023.10.10"]
[SourceVersion "1"]
[SourceVersionDate "2023.10.10"]
[SourceQuality "1"]

1. c4 Nf6 2. d4 e6 3. Nc3 d5 4. cxd5 exd5 5. Bf4 Be7 6. Nf3 0-0 7. h3 c5 8. e3 Nc6 9. dxc5 Bxc5 10. Be2 Re8 11. 0-0 d4 12. exd4 Nxd4 13. Nxd4 Qxd4 14. Qxd4 Bxd4 15. Bb5 Bxc3 16. Bxe8 Bxb2 17. Rab1 Bd4 18. Rfd1 Bb6 19. Rxb6 axb6 20. Rd8 g5 21. Be5 Bd7 22. Bxf7+ Kxf7 23. Rxa8 Ne8 24. f4 Ke6 25. Kf2 h5 26. Ke3 b5 27. Kd4 gxf4 28. Bxf4 Ng7 29. g4 hxg4 30. hxg4 Kf7 31. Rb8 Ne6+ 32. Ke5 Bc6 33. Be3 Nf8 34. Kd6 Nd7 35. Rh8 Nf6 36. g5 Ne4+ 37. Ke5 Nc3 38. Bd2 Ne4 39. g6+ Kg7 40. Rh7+ Kg8 41. Bh6 Nc5 42. Rf7 1-0

[Event "Lisbon Check Mate op 3rd"]
[Site "Lisbon"]
[Date "2015.08.08"]
[Round "1"]
[White "Nogueira, Diana Sofia Cunha"]
[Black "Montgomery, Jan E Frantsen"]
[Result "0-1"]
[WhiteElo "1691"]
[BlackElo "2082"]
[PlyCount "72"]
[EventDate "2015.08.08"]
[EventType "swiss"]
[EventRounds "7"]
[EventCountry "POR"]
[SourceTitle "EXT 2017"]
[Source "ChessBase"]
[SourceDate "2016.10.25"]
[SourceVersion "1"]
[SourceVersionDate "2016.10.25"]
[SourceQuality "1"]

1. e4 c5 2. Nc3 a6 3. g3 b5 4. d3 Bb7 5. Bg2 e6 6. f4 Nf6 7. Nf3 d5 8. e5 Nfd7 9. 0-0 Nc6 10. Qe2 Qc7 11. Nd1 Rc8 12. Nf2 Nd4 13. Qd1 Be7 14. c3 Nf5 15. Bd2 h5 16. Nh3 g6 17. Nhg5 Kf8 18. Qe2 Kg7 19. Kf2 Qb6 20. h3 h4 21. g4 Ng3 22. Qe3 Bxg5 23. Nxg5 d4 24. Qe1 Nxf1 25. Bxf1 c4 26. Ne4 Bxe4 27. dxe4 dxc3+ 28. Be3 Nc5 29. Kf3 cxb2 30. Rb1 Qc6 31. Bd4 Rcd8 32. Bxb2 Nd3 33. Qe2 Nxb2 34. Qxb2 c3 35. Qb3 Rd4 36. Qc2 Rd2 0-1

[Event "DEN-chT 1415 53rd"]
[Site "Denmark"]
[Date "2015.03.08"]
[Round "9.6"]
[White "Montgomery, Jan E Frantsen"]
[Black "Hoiberg, Nina"]
[Result "1/2-1/2"]
[WhiteElo "2149"]
[BlackElo "2209"]
[PlyCount "55"]
[EventDate "2014.10.25"]
[EventType "team-tourn"]
[EventRounds "9"]
[EventCountry "DEN"]
[SourceTitle "EXT 2016"]
[Source "ChessBase"]
[SourceDate "2015.10.08"]
[SourceVersion "1"]
[SourceVersionDate "2015.10.08"]
[SourceQuality "1"]
[WhiteTeam "Hillerod"]
[BlackTeam "Nordre"]
[WhiteTeamCountry "DEN"]
[BlackTeamCountry "DEN"]

1. d4 d6 2. Nf3 Nd7 3. c4 e5 4. Nc3 c6 5. g3 Ngf6 6. Bg2 Be7 7. 0-0 0-0 8. e4 Qc7 9. h3 Re8 10. d5 Nf8 11. Bg5 h6 12. Be3 Ng6 13. b4 cxd5 14. Nxd5 Nxd5 15. cxd5 f5 16. Rc1 Qd8 17. exf5 Bxf5 18. Nd2 Qd7 19. Qh5 Nf8 20. Ne4 Bg6 21. Qe2 Nh7 22. Kh2 a6 23. Rc3 Rac8 24. Rfc1 Rxc3 25. Rxc3 Rc8 26. Qc2 Rxc3 27. Qxc3 Nf6 28. Nxf6+ 1/2-1/2

[Event "DEN-chT 1415 53rd"]
[Site "Denmark"]
[Date "2015.01.25"]
[Round "6.7"]
[White "Montgomery, Jan E Frantsen"]
[Black "Jorgensen, Dennis"]
[Result "1/2-1/2"]
[WhiteElo "2149"]
[BlackElo "2243"]
[PlyCount "37"]
[EventDate "2014.10.25"]
[EventType "team-tourn"]
[EventRounds "9"]
[EventCountry "DEN"]
[SourceTitle "EXT 2016"]
[Source "ChessBase"]
[SourceDate "2015.10.08"]
[SourceVersion "1"]
[SourceVersionDate "2015.10.08"]
[SourceQuality "1"]
[WhiteTeam "Hillerod"]
[BlackTeam "Obro"]
[WhiteTeamCountry "DEN"]
[BlackTeamCountry "DEN"]

1. d4 Nf6 2. Nf3 e6 3. e3 b6 4. Bd3 Bb7 5. Nbd2 c5 6. 0-0 Be7 7. b3 0-0 8. Bb2 Nc6 9. a3 Rc8 10. Qe2 d5 11. Rad1 Qc7 12. Rfe1 Rfd8 13. c4 cxd4 14. exd4 Qf4 15. Ne5 Nxe5 16. Qxe5 Bd6 17. Qxf4 Bxf4 18. g3 Bd6 19. Bf1 1/2-1/2

[Event "DEN-chT 1415 53rd"]
[Site "Denmark"]
[Date "2014.10.26"]
[Round "2.7"]
[White "Montgomery, Jan E Frantsen"]
[Black "Holmsgaard, Henrik"]
[Result "1/2-1/2"]
[WhiteElo "2149"]
[BlackElo "2301"]
[PlyCount "33"]
[EventDate "2014.10.25"]
[EventType "team-tourn"]
[EventRounds "9"]
[EventCountry "DEN"]
[SourceTitle "EXT 2016"]
[Source "ChessBase"]
[SourceDate "2015.10.08"]
[SourceVersion "1"]
[SourceVersionDate "2015.10.08"]
[SourceQuality "1"]
[WhiteTeam "Hillerod"]
[BlackTeam "Bronshoj"]
[WhiteTeamCountry "DEN"]
[BlackTeamCountry "DEN"]

1. e4 c5 2. Nf3 Nc6 3. d4 cxd4 4. Nxd4 Nf6 5. Nc3 e5 6. Ndb5 d6 7. Bg5 a6 8. Na3 b5 9. Nd5 Be7 10. Bxf6 Bxf6 11. c3 Bg5 12. Nc2 Ne7 13. Ncb4 0-0 14. Be2 Be6 15. 0-0 a5 16. Nxe7+ Qxe7 17. Nd5 1/2-1/2

[Event "DEN-chT 1415 53rd"]
[Site "Denmark"]
[Date "2014.10.25"]
[Round "1.7"]
[White "Hansen, Mads"]
[Black "Montgomery, Jan E Frantsen"]
[Result "0-1"]
[WhiteElo "2320"]
[BlackElo "2149"]
[PlyCount "64"]
[EventDate "2014.10.25"]
[EventType "team-tourn"]
[EventRounds "9"]
[EventCountry "DEN"]
[SourceTitle "EXT 2016"]
[Source "ChessBase"]
[SourceDate "2015.10.08"]
[SourceVersion "1"]
[SourceVersionDate "2015.10.08"]
[SourceQuality "1"]
[WhiteTeam "Skanderborg Nordea"]
[BlackTeam "Hillerod"]
[WhiteTeamCountry "DEN"]
[BlackTeamCountry "DEN"]

1. e4 c5 2. Nf3 e6 3. d4 cxd4 4. Nxd4 Nc6 5. Nc3 Qc7 6. Be3 a6 7. Qd2 Nf6 8. 0-0-0 Bb4 9. f3 Ne5 10. Nb3 d5 11. Bf4 0-0 12. Kb1 Nh5 13. Nxd5 exd5 14. Bxe5 Qxe5 15. Qxb4 dxe4 16. fxe4 Nf6 17. Bd3 Ng4 18. Qb6 Nxh2 19. Bc4 Ng4 20. Rd5 Qf6 21. Rd6 Qf2 22. Nd4 Qxg2 23. Re1 Ne5 24. Bb3 Qf2 25. Rc1 h5 26. Qc5 Re8 27. Rd5 Nd7 28. Qc7 Nf6 29. Rg5 Rf8 30. Qe5 Re8 31. Qc5 Nxe4 32. Bxf7+ Qxf7 0-1

[Event "Hillerod NSU op"]
[Site "Hillerod"]
[Date "2009.01.04"]
[Round "4"]
[White "Montgomery, Jan E Frantsen"]
[Black "Hove, Esben Kjems"]
[Result "1/2-1/2"]
[WhiteElo "2185"]
[BlackElo "2285"]
[PlyCount "40"]
[EventDate "2009.01.02"]
[EventType "swiss"]
[EventRounds "5"]
[EventCountry "DEN"]
[SourceTitle "EXT 2018"]
[Source "ChessBase"]
[SourceDate "2017.10.13"]
[SourceVersion "1"]
[SourceVersionDate "2017.10.13"]
[SourceQuality "1"]

1. d4 Nf6 2. c4 e6 3. Nf3 d5 4. Bg5 Nbd7 5. e3 Be7 6. cxd5 exd5 7. Nc3 c6 8. Bd3 0-0 9. 0-0 Re8 10. Qc2 Nf8 11. a3 Ne4 12. Bxe7 Qxe7 13. Nd2 Bf5 14. Rae1 Nxd2 15. Qxd2 Bxd3 16. Qxd3 Ne6 17. b4 a5 18. Rb1 Nf8 19. Rfc1 Ra7 20. Ne2 axb4 1/2-1/2

[Event "Hillerod NSU op"]
[Site "Hillerod"]
[Date "2009.01.03"]
[Round "3"]
[White "Montgomery, Jan E Frantsen"]
[Black "Andersen, Daniel"]
[Result "1-0"]
[WhiteElo "2185"]
[BlackElo "1873"]
[PlyCount "77"]
[EventDate "2009.01.02"]
[EventType "swiss"]
[EventRounds "5"]
[EventCountry "DEN"]
[SourceTitle "EXT 2018"]
[Source "ChessBase"]
[SourceDate "2017.10.13"]
[SourceVersion "1"]
[SourceVersionDate "2017.10.13"]
[SourceQuality "1"]

1. d4 Nf6 2. Nf3 g6 3. g3 Bg7 4. Bg2 d5 5. 0-0 0-0 6. c4 dxc4 7. Ne5 Ne8 8. Na3 Nd6 9. Qc2 Bf5 10. e4 Be6 11. f4 c6 12. Be3 b5 13. Rad1 f5 14. d5 cxd5 15. exd5 Bd7 16. Rfe1 Na6 17. Nc6 Bxc6 18. dxc6 Qc7 19. Qd2 Rad8 20. Qd5+ e6 21. Qxe6+ Kh8 22. Qd5 Nb4 23. Qc5 Nd3 24. Qxa7 Qxa7 25. Bxa7 Nxe1 26. Rxe1 Bxb2 27. Bc5 Rfe8 28. Rxe8+ Nxe8 29. Nxb5 c3 30. Bd4+ Kg8 31. Bxc3 Bxc3 32. Nxc3 Nc7 33. a4 Rb8 34. Bf1 Kf8 35. Nb5 Nd5 36. Bg2 Nb6 37. c7 Re8 38. a5 Nc4 39. Bb7 1-0

[Event "Hillerod NSU op"]
[Site "Hillerod"]
[Date "2009.01.02"]
[Round "1"]
[White "Jakobsen, Peter"]
[Black "Montgomery, Jan E Frantsen"]
[Result "1/2-1/2"]
[WhiteElo "2219"]
[BlackElo "2185"]
[PlyCount "27"]
[EventDate "2009.01.02"]
[EventType "swiss"]
[EventRounds "5"]
[EventCountry "DEN"]
[SourceTitle "EXT 2018"]
[Source "ChessBase"]
[SourceDate "2017.10.13"]
[SourceVersion "1"]
[SourceVersionDate "2017.10.13"]
[SourceQuality "1"]

1. e4 c5 2. Nf3 Nc6 3. d4 cxd4 4. Nxd4 e6 5. Nc3 Qc7 6. Be3 a6 7. Qd2 Nf6 8. 0-0-0 Bb4 9. f3 0-0 10. g4 d6 11. g5 Nd7 12. Nb3 Nc5 13. Nxc5 Bxc5 14. Qf2 1/2-1/2

[Event "Lovfalds EMT 20th B"]
[Site "Ringsted"]
[Date "2006.09.16"]
[Round "2"]
[White "Surender, Anil"]
[Black "Montgomery, Jan E Frantsen"]
[Result "1-0"]
[WhiteElo "1945"]
[BlackElo "2036"]
[PlyCount "61"]
[EventDate "2006.09.15"]
[EventType "tourn"]
[EventRounds "5"]
[EventCountry "DEN"]
[SourceTitle "EXT 2023"]
[Source "ChessBase"]
[SourceDate "2022.10.05"]
[SourceVersion "1"]
[SourceVersionDate "2022.10.05"]
[SourceQuality "1"]

1. d4 d5 2. c4 e6 3. Nc3 Nf6 4. cxd5 exd5 5. Bg5 Nbd7 6. e3 c6 7. Bd3 Be7 8. Qc2 Nf8 9. Nge2 Ne6 10. Bh4 g6 11. f3 0-0 12. Bf2 Re8 13. h4 Ng7 14. g4 Bxg4 15. fxg4 Nxg4 16. Nf4 Nxf2 17. Qxf2 c5 18. 0-0-0 Rc8 19. Bb5 Qa5 20. Kb1 cxd4 21. exd4 Red8 22. Nfxd5 Bf8 23. Nf6+ Kh8 24. Nfe4 f5 25. Nc5 Rc7 26. Nb3 Qb4 27. Qe2 a6 28. Bd3 a5 29. Bc2 Rdc8 30. Nd5 Rxc2 31. Qxc2 1-0

[Event "Hillerod NSU op"]
[Site "Hillerod"]
[Date "2005.01.09"]
[Round "4"]
[White "Montgomery, Jan E Frantsen"]
[Black "Stockflet, Henrik"]
[Result "1/2-1/2"]
[WhiteElo "2038"]
[BlackElo "1892"]
[PlyCount "77"]
[EventDate "2005.01.07"]
[EventType "swiss"]
[EventRounds "5"]
[EventCountry "DEN"]
[SourceTitle "EXT 2018"]
[Source "ChessBase"]
[SourceDate "2017.10.13"]
[SourceVersion "1"]
[SourceVersionDate "2017.10.13"]
[SourceQuality "1"]

1. e4 e5 2. Nf3 d6 3. d4 exd4 4. Nxd4 g6 5. Nc3 Bg7 6. Be3 Nf6 7. Qd2 0-0 8. 0-0-0 Re8 9. f3 Nc6 10. Bc4 a6 11. h4 Nxd4 12. Bxd4 b5 13. Bb3 Be6 14. Nd5 Bxd5 15. Bxd5 Nxd5 16. Bxg7 Kxg7 17. Qxd5 Re5 18. Qd2 h5 19. Qc3 Kg8 20. Rd4 Qe7 21. Qd3 Re8 22. Rd5 Qe6 23. Rd1 Rxd5 24. Qxd5 Qxd5 25. Rxd5 Kg7 26. Kd2 Kf6 27. c4 bxc4 28. Kc3 Rb8 29. f4 Rb5 30. Rd4 Rc5 31. Rxc4 Rxc4+ 32. Kxc4 Ke6 33. a4 c6 34. b4 f6 35. Kd4 Kd7 36. Ke3 Ke6 37. Kd4 Kd7 38. Ke3 Ke6 39. Kd4 1/2-1/2